Juvenile Arrests 2004

Saved in:  
Bibliographic Details
Main Author: Snyder, Howard N. (Author)
Format: Electronic Article
Language:English
Published: United States Department of Justice, Office of Juvenile Justice and Delinquency Prevention 2006
In:Enthalten in: Juvenile Justice Bulletin
Online Access: Volltext (lizenzpflichtig)
Volltext (lizenzpflichtig)
Volltext (lizenzpflichtig)
Check availability: HBZ Gateway

MARC

LEADER 00000caa a22000002c 4500
001 1912602954
003 DE-627
005 20250124055005.0
007 cr uuu---uuuuu
008 241217s2006 xx |||||o 00| ||eng c
035 |a (DE-627)1912602954 
035 |a (DE-599)KXP1912602954 
040 |a DE-627  |b ger  |c DE-627  |e rda 
041 |a eng 
084 |a 2,1  |2 ssgn 
100 1 |a Snyder, Howard N.  |e VerfasserIn  |4 aut 
245 1 0 |a Juvenile Arrests 2004 
264 1 |b United States Department of Justice, Office of Juvenile Justice and Delinquency Prevention  |c 2006 
336 |a Text  |b txt  |2 rdacontent 
337 |a Computermedien  |b c  |2 rdamedia 
338 |a Online-Ressource  |b cr  |2 rdacarrier 
773 0 8 |i Enthalten in  |t Juvenile Justice Bulletin 
856 4 0 |u http://ojjdp.ncjrs.gov/publications/PubAbstract.asp?pubi=236114  |x Verlag  |z lizenzpflichtig  |3 Volltext  |7 1 
856 4 0 |u http://www.ncjrs.gov/pdffiles1/ojjdp/214563.pdf  |q application/pdf  |x Verlag  |z lizenzpflichtig  |3 Volltext  |7 1 
856 4 0 |u http://www.ncjrs.gov/html/ojjdp/214563/contents.html  |x Verlag  |z lizenzpflichtig  |3 Volltext  |7 1 
935 |a mkri 
951 |a AR 
ELC |a 1 
LOK |0 000 xxxxxcx a22 zn 4500 
LOK |0 001 4637568471 
LOK |0 003 DE-627 
LOK |0 004 1912602954 
LOK |0 005 20241217044634 
LOK |0 008 241217||||||||||||||||ger||||||| 
LOK |0 035   |a (DE-2619)ICPSR45461 
LOK |0 040   |a DE-2619  |c DE-627  |d DE-2619 
LOK |0 092   |o n 
LOK |0 852   |a DE-2619 
LOK |0 852 1  |9 00 
LOK |0 935   |a uvkn  |a nacp 
LOK |0 939   |a 17-12-24  |b l01 
ORI |a SA-MARC-krimdoka001.raw